书目信息 |
| 题名: |
水文小波分析
|
|
| 作者: | 王文圣 , 丁晶 , 李跃清 著 | |
| 分册: | ||
| 出版信息: | 北京 化学工业出版社 2005 |
|
| 页数: | 207页 | |
| 开本: | 26cm | |
| 丛书名: | ||
| 单 册: | ||
| 中图分类: | P333 | |
| 科图分类: | ||
| 主题词: | 调和分析--应用--水文分析 , 调和分析 , 水文分析 | |
| 电子资源: | ||
| ISBN: | 7-5025-6858-1 | |
| 000 | 01064nam0 2200301 450 | |
| 001 | 012007464398 | |
| 005 | 20070523094058.06 | |
| 010 | @a7-5025-6858-1@dCNY42.00 | |
| 100 | @a20070515d2005 km y0chiy0120 ea | |
| 101 | 0 | @achi |
| 102 | @aCN@b110000 | |
| 105 | @aa z 000yy | |
| 106 | @ar | |
| 200 | 1 | @a水文小波分析@Ashui wen xiao bo fen xi@f王文圣,丁晶,李跃清著@Fwang wen sheng,ding jing,li yue qing zhu |
| 210 | @a北京@c化学工业出版社@d2005 | |
| 215 | @a207页@c图@d26cm | |
| 300 | @a中国气象局成都高原气象研究所开放基金资助国家自然科学基金(编号:50279023)资助 | |
| 330 | @a本书为国内水文小波分析领域的第一本专著,介绍了小波分析的由来、特点、小波分析在水文学中的应用现状、小波分析的基本理论等内容。 | |
| 510 | 1 | @aHydrology wavedet analysis@zeng |
| 606 | 0 | @a调和分析@x应用@x水文分析 |
| 606 | 0 | @a调和分析 |
| 606 | 0 | @a水文分析 |
| 690 | @aP333@v4 | |
| 701 | 0 | @a王文圣@Awang wen sheng@4著 |
| 701 | 0 | @a丁晶@Ading jing@f(1935~)@4著 |
| 701 | 0 | @a李跃清@Ali yue qing@f(1960.2~)@4著 |
| 801 | 0 | @aCN@bRULIN@c20070523 |
| 905 | @dP333@e94@s10 | |
| 水文小波分析/王文圣,丁晶,李跃清著.-北京:化学工业出版社,2005 |
| 207页:图;26cm |
| 中国气象局成都高原气象研究所开放基金资助国家自然科学基金(编号:50279023)资助 |
| ISBN 7-5025-6858-1:CNY42.00 |
| 本书为国内水文小波分析领域的第一本专著,介绍了小波分析的由来、特点、小波分析在水文学中的应用现状、小波分析的基本理论等内容。 |
| ● |
| 相关链接 |
|
|
|
|
正题名:水文小波分析
索取号:P333/94
 
预约/预借
| 序号 | 登录号 | 条形码 | 馆藏地/架位号 | 状态 | 备注 |
| 1 | 0577084 | 205770842 | 第二样本阅览室/ [索取号:P333/94] | 在馆 | |
| 2 | 0577085 | 205770851 | 第三借阅区/ [索取号:P333/94] | 在馆 | |
| 3 | 0577086 | 205770860 | 第三借阅区/ [索取号:P333/94] | 在馆 | |
| 4 | 0577087 | 205770879 | 第三借阅区/ [索取号:P333/94] | 在馆 | |
| 5 | 0577088 | 205770888 | 第三借阅区/ [索取号:P333/94] | 在馆 | |
| 6 | 0577089 | 205770897 | 第三借阅区/ [索取号:P333/94] | 在馆 | |
| 7 | 0577090 | 205770904 | 第三借阅区/ [索取号:P333/94] | 在馆 | |
| 8 | 0577091 | 205770913 | 第三借阅区/ [索取号:P333/94] | 在馆 | |
| 9 | 0577092 | 205770922 | 第三借阅区/ [索取号:P333/94] | 在馆 | |
| 10 | 0577093 | 205770931 | 第三借阅区/ [索取号:P333/94] | 在馆 |